Datum a čas kvízu
35
Celkem bodů
Celkový počet nahraných bodů na tomto kvízu bez doplňovacích otázek.
4.
Pořadí na kvízu
Konečné umístění týmu na tomto kvízu.
Zaznamenané odpovědi
| # | Otázka | Odpověď | Body | Výsledky |
|---|---|---|---|---|
| 1. | V médiích se minulý týden hojn... | Michal Hašek | 1 | |
| 2. | Italské letovisko, které je ob... | Bibione | 1 | |
| 3. | V Křižíkově pavilonu v pražský... | Pixar | 1 | |
| 4. | Jak se jmenuje slavný hollywoo... | Harrison Ford | 0 | |
| 5. | Přestože televizní program avi... | Rozhodčí byla žena. | 1 | |
| 6. | Dlouhé názvy filmů byly v módě... | v neděli ráno | 1 | |
| 5. | V roce 1964 natočil slavný rež... | Dr. Divnoláska | 1 | |
| 5. | V roce 1981 natočil režisér Mi... | Matěji, proč | 1 | |
| 5. | Doplňte dvě slova do názvu fil... | v Belgii | 0 | |
| 5. | Kultovní režisér Woody Allen v... | báli jste se zeptat | 0 |